000 00820nam a22002297a 4500
999 _c20259
_d20259
003 AR-CdUCM
008 190528b ||||| |||| 00| 0 spa d
040 _aMUNICIPALIDAD PROVINCIAL DEL CUSCO
_cBIBLIOTECA MUNICIPAL DEL CUSCO
041 _heng
082 _a513.4 /
_bG69
100 _aGondin, William Richard
_942341
245 _aÁlgebra superior y cálculo simplificados /
260 _aMéxico, D.F :
_bCentro Regional de Ayuda Técnica,
_c1965.
300 _a223 páginas ;
_c27 cm.
505 _aContenido: Repaso preliminar -- Ecuaciones de grado superior -- Ecuaciones de grado superior-Continuación...
650 _aÁlgebra
_919778
650 _a-Estudio y enseñanza
_92610
700 _aSohmer, Bernard
_942342
700 _aBaldor, F.J.
_942343
942 _2ddc
_cLIBROS
945 _adavv
_d2019-05-28